On the road to freedom/ (Record no. 140004)

MARC details
000 -LEADER
fixed length control field 01037nam a22002537a 4500
005 - DATE AND TIME OF LATEST TRANSACTION
control field 20180619110527.0
010 ## - LCCN (DPL NO)
LC control number 1718EN-30 ENG-118198-199 B-686442-451
020 ## - INTERNATIONAL STANDARD BOOK NUMBER
International Standard Book Number 9789382711421 pt.1
Terms of availability 750.00
020 ## - INTERNATIONAL STANDARD BOOK NUMBER
International Standard Book Number 9789382711438 pt.2
Terms of availability 750.00
020 ## - INTERNATIONAL STANDARD BOOK NUMBER
International Standard Book Number 9789382711827 set
Terms of availability 1295.00 (set of 2 pts.)
035 ## - SYSTEM CONTROL NUMBER
System control number EN-101730-731
035 ## - SYSTEM CONTROL NUMBER
System control number B-686442-451
037 ## - SOURCE OF ACQUISITION
Source of stock number/acquisition Star Pub.
Stock number dpl
037 ## - SOURCE OF ACQUISITION
Source of stock number/acquisition DBAD/PUB
082 ## - DEWEY DECIMAL CLASSIFICATION NUMBER
Classification number 954.084
100 ## - MAIN ENTRY--PERSONAL NAME
Personal name Purkayastha, Sudip Kar
245 ## - TITLE STATEMENT
Title On the road to freedom/
Statement of responsibility, etc by Sudip Kar Purkayastha
260 ## - PUBLICATION, DISTRIBUTION, ETC. (IMPRINT)
Place of publication, distribution, etc New Delhi
Name of publisher, distributor, etc Vitasta Publishing
Date of publication, distribution, etc 2015
300 ## - PHYSICAL DESCRIPTION
Extent 2pts.(ix,488p.; ix, 653p.)
Dimensions 23cm.(Hb)
500 ## - GENERAL NOTE
General note Includes bibliographical references and index
505 ## - FORMATTED CONTENTS NOTE
Formatted contents note pt.1--Footprints on Indian history 1877-1936.<br/> pt.2--Footprints on Indian history 1937-1947
942 ## - ADDED ENTRY ELEMENTS (KOHA)
Source of classification or shelving scheme Dewey Decimal Classification
Item type English Books
Classification part 954.084
Call number suffix PUR
Holdings
Withdrawn status Lost status Materials specified (bound volume or other part) Not for loan Collection code Home library Current library Date acquired Source of acquisition Cost, normal purchase price Full call number Barcode Copy number Cost, replacement price Koha item type
    Vol.-1   Non-fiction Ashok Vihar Ashok Vihar 18/06/2018 Star pub-sp5268/28.11.17/680/20.11.17/6.1.18 750.00 954.084 PUR B-686444 1 750.00 English Books
    Vol.-2   Non-fiction Ashok Vihar Ashok Vihar 18/06/2018 Star pub-sp5268/28.11.17/680/20.11.17/6.1.18 750.00 954.084 PUR B-686445 1 750.00 English Books
    Pt.1 Not For Loan Non-fiction D.B.Act.Division Bawana 17/05/2017 DBAD/PUB 1295.00 954.084 PUR EN-101730 1 1295.00 English Books
    Pt.2 Not For Loan Non-fiction D.B.Act.Division Bawana 17/05/2017 DBAD/PUB 1295.00 954.084 PUR EN-101731 1 1295.00 English Books
    Vol.-1   Non-fiction Bawana Bawana 18/06/2018 Star pub-sp5268/28.11.17/680/20.11.17/6.1.18 750.00 954.084 PUR B-686450 1 750.00 English Books
    Vol.-2   Non-fiction Bawana Bawana 18/06/2018 Star pub-sp5268/28.11.17/680/20.11.17/6.1.18 750.00 954.084 PUR B-686451 1 750.00 English Books
    Vol.-1   Non-fiction Central Library Central Library 18/06/2018 Star pub-sp5268/28.11.17/680/20.11.17/6.1.18 750.00 954.084 PUR B-686442 1 750.00 English Books
    Vol.-2   Non-fiction Central Library Central Library 18/06/2018 Star pub-sp5268/28.11.17/680/20.11.17/6.1.18 750.00 954.084 PUR B-686443 1 750.00 English Books
    Vol.-1   Non-fiction Janak Puri Janak Puri 18/06/2018 Star pub-sp5268/28.11.17/680/20.11.17/6.1.18 750.00 954.084 PUR B-686448 1 750.00 English Books
    Vol.-2   Non-fiction Janak Puri Janak Puri 18/06/2018 Star pub-sp5268/28.11.17/680/20.11.17/6.1.18 750.00 954.084 PUR B-686449 1 750.00 English Books
    Vol.-1   Non-fiction Patel Nagar Patel Nagar 18/06/2018 Star pub-sp5268/28.11.17/680/20.11.17/6.1.18 750.00 954.084 PUR B-686446 1 750.00 English Books
    Vol.-2   Non-fiction Patel Nagar Patel Nagar 18/06/2018 Star pub-sp5268/28.11.17/680/20.11.17/6.1.18 750.00 954.084 PUR B-686447 1 750.00 English Books

© Delhi Public Library
Hit Counter
free hit counter